<?xml version="1.0" encoding="UTF-8"?>
<record
    xmlns:xsi="http://www.w3.org/2001/XMLSchema-instance"
    xsi:schemaLocation="http://www.loc.gov/MARC21/slim http://www.loc.gov/standards/marcxml/schema/MARC21slim.xsd"
    xmlns="http://www.loc.gov/MARC21/slim">

  <leader>00553nam a22001817a 4500</leader>
  <controlfield tag="005">20240116141858.0</controlfield>
  <controlfield tag="008">240116b        |||||||| |||| 00| 0 eng d</controlfield>
  <datafield tag="020" ind1=" " ind2=" ">
    <subfield code="a">9789385 360749</subfield>
  </datafield>
  <datafield tag="041" ind1=" " ind2=" ">
    <subfield code="a">eng</subfield>
  </datafield>
  <datafield tag="082" ind1=" " ind2=" ">
    <subfield code="a">720.92</subfield>
    <subfield code="b">HAI</subfield>
  </datafield>
  <datafield tag="100" ind1=" " ind2=" ">
    <subfield code="a">Haidar N N.</subfield>
    <subfield code="9">205588</subfield>
  </datafield>
  <datafield tag="245" ind1=" " ind2=" ">
    <subfield code="a">Jali: Lattice Of Divine Light In Mughal Architecture</subfield>
  </datafield>
  <datafield tag="260" ind1=" " ind2=" ">
    <subfield code="a">Ahmedabad </subfield>
    <subfield code="b">Mapin Pulishing</subfield>
    <subfield code="c">2023</subfield>
  </datafield>
  <datafield tag="300" ind1=" " ind2=" ">
    <subfield code="a">268p</subfield>
    <subfield code="b">Hb</subfield>
    <subfield code="c">30 x 25</subfield>
  </datafield>
  <datafield tag="365" ind1=" " ind2=" ">
    <subfield code="a">INR</subfield>
    <subfield code="b"> 2950.00</subfield>
    <subfield code="c">Rupaye</subfield>
  </datafield>
  <datafield tag="500" ind1=" " ind2=" ">
    <subfield code="a">Temple Jali Traditions
Sacred Symbols
Celestial Geometry
Divine Order</subfield>
  </datafield>
  <datafield tag="942" ind1=" " ind2=" ">
    <subfield code="c">BK</subfield>
  </datafield>
  <datafield tag="999" ind1=" " ind2=" ">
    <subfield code="c">356910</subfield>
    <subfield code="d">356910</subfield>
  </datafield>
  <datafield tag="952" ind1=" " ind2=" ">
    <subfield code="0">0</subfield>
    <subfield code="1">0</subfield>
    <subfield code="2">ddc</subfield>
    <subfield code="4">0</subfield>
    <subfield code="7">0</subfield>
    <subfield code="a">BNCA</subfield>
    <subfield code="b">BNCA</subfield>
    <subfield code="d">2024-01-16</subfield>
    <subfield code="e">Word Book Shop</subfield>
    <subfield code="f">B Arch</subfield>
    <subfield code="g">1858.50</subfield>
    <subfield code="i">1861</subfield>
    <subfield code="l">2</subfield>
    <subfield code="o">720.92 HAI</subfield>
    <subfield code="p">BNCA-Bk-12533</subfield>
    <subfield code="r">2024-08-31 00:00:00</subfield>
    <subfield code="s">2024-08-07</subfield>
    <subfield code="t">375</subfield>
    <subfield code="v">2950.00</subfield>
    <subfield code="w">2023-12-27</subfield>
    <subfield code="y">RF</subfield>
  </datafield>
</record>
